00531nam a2200181 a 45000010010000000030011000100080041000210350026000620820018000881000015001062450022001212600044001436500024001879420012002119520091002239980020003149990015003340000-8700ELIB.Books110520 1988  a(ELIB.Books)0000-8846 a268.433 bBur aBurns, Jim aThe Youth Builder bEugene: Harvest House Publishers c1988 aChristian Education 2ddccBK 00102ddc4070aKBTSbKBTSd2011-05-20l0p12810r2022-01-22 00:00:00w2022-01-22yBK cbate2011-05-20 c8700d8700